000 00847nam a2200265 a 4500
005 20200104041518.0
008 140226b1998 ck ||||| |||| 00| 0 spa d
040 _aCO-BoIAVH
_cCO-BoIAVH
041 _aspa
044 _ack
082 0 4 _a630
_bA27a
090 _aLB
_b01117
110 2 _bColombia
_aMinisterio de Agricultura y Desarrollo Rural
245 2 0 _aAgricultura ecológica :
_bguía metodológica, inventario nacional
260 _aBogotá
_bMinisterio de Agricultura y Desarrollo Rural
_c1998
300 _a228 p.
_c28 cm.
650 4 _aAgricultura
650 4 _aEcología
650 4 _aAgroecología
650 4 _aGuía metodológica
650 4 _aAgroecosistemas
662 _aColombia
710 _aCorporación para la Conservación del Medio Ambiente
942 _cImpreso
_2ddc
_02
999 _c1128
_d1128